000 00747cam a2200205 4500
001 WB3634-21
008 000000n2000 000 0 eng u
035 _a(Sirsi) u108057
245 _aHouse price misery
260 _c2000
490 _aGuardian
_v26 August 2000, 2.2(2)
520 _aDespite a relatively stable property market, many mortgage lenders continue to sell repossessed homes at reduced prices. This, combined with a past policy of lending up to 7 times a borrower's income means that negative equity is still proving hard to eradicate.
590 _aWB
650 _aNEGATIVE EQUITY
650 _aREPOSSESSIONS
650 _aMORTGAGE LENDERS
650 _aHOUSE PRICES
690 _aHOUSING-HOUSING FINANCE
942 _n0
999 _c64553
_d64553